Loading...
| Mythology | 0 | 4 | 0 | 1 | 40 | 52 | 89.00 | 0 | 1 | 11.52 | 19.17 |
| Science - Other | 0 | 4 | 1 | 0 | 35 | 32 | 38.75 | 0 | 4 | 27.56 | 35.00 |
| Fine Arts - Other | 0 | 3 | 0 | 1 | 30 | 124 | 132.67 | 0 | 0 | 0.08 | 9.17 |
| History - Other | 0 | 3 | 0 | 1 | 30 | 96 | 106.00 | 0 | 0 | 4.58 | 5.83 |
| Philosophy | 0 | 2 | 0 | 0 | 20 | 73 | 91.00 | 0 | 0 | 3.51 | 9.32 |
| History - World | 0 | 2 | 0 | 1 | 20 | 94 | 109.50 | 0 | 0 | 2.10 | 4.17 |
| Religion | 0 | 2 | 0 | 0 | 20 | 107 | 120.50 | 0 | 0 | 1.71 | 8.33 |
| History - American | 0 | 2 | 1 | 1 | 15 | 76 | 100.50 | 0 | 0 | 4.37 | 9.62 |
| History - European | 0 | 2 | 1 | 1 | 15 | 73 | 102.00 | 0 | 0 | 3.60 | 5.00 |
| Popular Culture | 0 | 1 | 0 | 0 | 10 | 50 | 50.00 | 0 | 1 | 31.06 | 45.83 |
| Social Science | 0 | 1 | 0 | 1 | 10 | 132 | 132.00 | 0 | 0 | 0.00 | 0.91 |